QUEST Central Library Banner

MongoDB : the definitive guide powerful and scalable data storage (Record no. 68700)

MARC details
000 -LEADER
fixed length control field 00747cam a2200253 i 4500
003 - CONTROL NUMBER IDENTIFIER
control field PK-NaQUE
005 - DATE AND TIME OF LATEST TRANSACTION
control field 20250313123526.0
008 - FIXED-LENGTH DATA ELEMENTS--GENERAL INFORMATION
fixed length control field 250313b ||||| |||| 00| 0 eng d
020 ## - INTERNATIONAL STANDARD BOOK NUMBER
International Standard Book Number 9781491954461
040 ## - CATALOGING SOURCE
Transcribing agency QUEST
082 04 - DEWEY DECIMAL CLASSIFICATION NUMBER
Classification number 005.74BRA
100 1# - MAIN ENTRY--PERSONAL NAME
Personal name Bradshaw, Shannon,
245 10 - TITLE STATEMENT
Title MongoDB : the definitive guide powerful and scalable data storage
250 ## - EDITION STATEMENT
Edition statement 3rd edition
260 ## - PUBLICATION, DISTRIBUTION, ETC. (IMPRINT)
Place of publication, distribution, etc Boston:
Name of publisher, distributor, etc O'Reilly,
Date of publication, distribution, etc 2019.
300 ## - PHYSICAL DESCRIPTION
Extent xix, 489 pages :
Other physical details illustrations ;
650 #0 - SUBJECT ADDED ENTRY--TOPICAL TERM
Topical term or geographic name as entry element Database management.
650 #0 - SUBJECT ADDED ENTRY--TOPICAL TERM
Topical term or geographic name as entry element Open source software.
650 #0 - SUBJECT ADDED ENTRY--TOPICAL TERM
Topical term or geographic name as entry element Object-oriented databases.
700 1# - ADDED ENTRY--PERSONAL NAME
Personal name Chodorow, Kristina
700 1# - ADDED ENTRY--PERSONAL NAME
Personal name Brazil, Eoin
856 ## - ELECTRONIC LOCATION AND ACCESS
Uniform Resource Identifier <a href="http://10.10.170.122:8080/browse/book/26841">http://10.10.170.122:8080/browse/book/26841</a>
Link text eBook
942 ## - ADDED ENTRY ELEMENTS (KOHA)
Koha item type Books
Source of classification or shelving scheme Dewey Decimal Classification
Holdings
Withdrawn status Lost status Source of classification or shelving scheme Damaged status Not for loan Home library Current library Date acquired Cost, normal purchase price Total Checkouts Full call number Barcode Date last seen Price effective from Koha item type
    Dewey Decimal Classification     Central Library, QUEST, Nawabshah Central Library, QUEST, Nawabshah 07/03/2025 20558.00   005.74BRA 58687 07/03/2025 07/03/2025 Books

Copyright © 2018,The QUEST, Nawabshah, Shaheed Benazirabad. All rights reserved
Mr. G. Farooq Channar (Librarian) QUEST, Nawabshah, Sindh, Pakistan 67480.
 Ph#: |   0244-9370381-4 Ext. 2308   Email| lib@quest.edu.pk   Web|  http://www.quest.edu.pk